000 00593nam a2200229Ia 4500
005 20250508165039.0
008 008 250505s9999 xx 000 0 eng d
020 _a0-7121-0181-0
037 _aTextual
040 _aFEDL
_beng
_cFEDL
041 _aeng
_2eng
084 _a658, JUB
_qFEDL
100 _aJuby Mark
_9779813
245 0 _aBusiness studies
260 _aEdinburg, UK
_bW and R chambers Ltd.
_c1987
300 _aix,171p.
365 _aGBP
_b3.95
490 _aChambers commerce
546 _aMACESE
942 _cTEXL
_h658, JUB
999 _c1392823
_d1392823